<?xml version="1.0" encoding="UTF-8"?>
<collection xmlns="http://www.loc.gov/MARC21/slim">
 <record>
  <leader>00599pamaa2200169   4500</leader>
  <controlfield tag="001">0000036443</controlfield>
  <controlfield tag="005">20070608090000.0</controlfield>
  <datafield tag="020" ind1="0" ind2="0">
   <subfield code="a">0470853190 </subfield>
  </datafield>
  <datafield tag="082" ind1=" " ind2=" ">
   <subfield code="a">004.36 GRI</subfield>
  </datafield>
  <datafield tag="090" ind1="0" ind2="0">
   <subfield code="a">QA76.9.C58 </subfield>
   <subfield code="b">GRI 2003</subfield>
  </datafield>
  <datafield tag="245" ind1="1" ind2="0">
   <subfield code="a">GRID computing : </subfield>
   <subfield code="b">making the global infrastructure a reality  </subfield>
   <subfield code="c">edited by Fran Berman, Geoffrey Fox, Tony Hey..</subfield>
  </datafield>
  <datafield tag="260" ind1="0" ind2="0">
   <subfield code="a">New York: </subfield>
   <subfield code="b">J. Wiley, </subfield>
   <subfield code="c">2003.</subfield>
  </datafield>
  <datafield tag="300" ind1=" " ind2=" ">
   <subfield code="a">xlvi, 1012 p.: </subfield>
   <subfield code="b">ill.; </subfield>
   <subfield code="c">25 cm.</subfield>
  </datafield>
  <datafield tag="440" ind1="0" ind2="0">
   <subfield code="a">Wiley series in communications networking &amp; distributed systems</subfield>
  </datafield>
  <datafield tag="650" ind1="0" ind2="0">
   <subfield code="a">Computational grids (Computer systems) </subfield>
  </datafield>
  <datafield tag="700" ind1="1" ind2="1">
   <subfield code="a">BERMAN, </subfield>
   <subfield code="h">Fran </subfield>
  </datafield>
  <datafield tag="700" ind1="1" ind2="1">
   <subfield code="a">HEY, </subfield>
   <subfield code="h">Anthony J. G </subfield>
  </datafield>
 </record>
</collection>
